| 000 | 00770nmc a2200265 a 4500 | ||
|---|---|---|---|
| 003 | AR-BaBNM | ||
| 005 | 20251128211425.0 | ||
| 008 | 075020s2004 ||||||||||||||000 | spa|| | ||
| 020 | _a987-500-081-7 | ||
| 040 | _cAR-BaBNM | ||
| 245 | 1 | 0 |
_aAprendizajes escolares _bdesarrollos en psicología educacional |
| 250 | _a1ª ed. | ||
| 260 |
_aBuenos Aires _bManantial _c2004 |
||
| 300 | 0 | _a196 p. | |
| 490 | 0 | _aBiblioteca del docente | |
| 504 | _aBibliografía al final de cada capítulo | ||
| 650 | 4 | _aPSICOLOGIA DE LA EDUCACION | |
| 650 | 4 | _aAPRENDIZAJE ESCOLAR | |
| 650 | 4 | _aTEORIAS DEL APRENDIZAJE | |
| 653 | 0 | _aFRACASO ESCOLAR | |
| 653 | 0 | _aINSTITUCIONES EDUCATIVAS | |
| 700 | 1 |
_aElichiry, Nora Emilce _ecompilador |
|
| 942 | _cBK | ||
| 998 | _cme-solo cat | ||
| 999 |
_c19632 _d19632 |
||